000 00534nam a2200193Ia 4500
005 20250326142258.0
008 250326s9999 xx 000 0 und d
020 _a1-55542-238-1
037 _aTextbook
040 _aFMSL
_beng
_cFMSL
041 _aeng
_2eng
084 _aX:8.7 N0
_qFMSL
100 _aHerrick N
_9745868
245 0 _aJoint management and employee participation
_cHerrick N
260 _aOxford
_bOxford, Jossey Bass.
_c1990
300 _a429p
942 _cTB
_hX:8.7 N0
999 _c1294266
_d1294266